Moskova hâtıraları (21/11/1920-2/6/1922) (Record no. 46186)

MARC details
000 -LEADER
fixed length control field 00561cam a22001931 4500
001 - CONTROL NUMBER
control field ne 63001667
003 - CONTROL NUMBER IDENTIFIER
control field DLC
005 - DATE AND TIME OF LATEST TRANSACTION
control field 20260227111749.0
008 - FIXED-LENGTH DATA ELEMENTS--GENERAL INFORMATION
fixed length control field 750929s1955 tu bc 000 0 tur
010 ## - LIBRARY OF CONGRESS CONTROL NUMBER
LC control number ne 63001667
035 ## - SYSTEM CONTROL NUMBER
System control number (OCoLC)1661014
040 ## - CATALOGING SOURCE
Original cataloging agency DLC
Transcribing agency OU
Modifying agency OU
-- DLC
050 00 - LIBRARY OF CONGRESS CALL NUMBER
Classification number DK601
Item number .C4
100 1# - MAIN ENTRY--PERSONAL NAME
Personal name Cebesoy, Ali Fuat,
Dates associated with a name 1883-
245 10 - TITLE STATEMENT
Title Moskova hâtıraları (21/11/1920-2/6/1922)
260 ## - PUBLICATION, DISTRIBUTION, ETC.
Place of publication, distribution, etc. İstanbul,
Name of publisher, distributor, etc. "Vatan Neşriyatı,
Date of publication, distribution, etc. 1955.
300 ## - PHYSICAL DESCRIPTION
Extent 348, ix p.
Other physical details port., maps.
Dimensions 21 cm.
651 #0 - SUBJECT ADDED ENTRY--GEOGRAPHIC NAME
Geographic name Moscow (Russia)
General subdivision Description and travel.

No items available.

Powered by Koha